Redefining the state in Latin America /
Se analiza sobre las instituciones democráticas y política económica, durante la crisis de 1980, los cuales se han visto obligados a utilizar políticas de ajuste estructural para intentar solucionar sus problemas. HB/hmbq
Salvato in:
| Autore principale: | |
|---|---|
| Natura: | Sconosciuto |
| Pubblicazione: |
París:
OECD
|
| Soggetti: | |
| Tags: |
Aggiungi Tag
Nessun Tag, puoi essere il primo ad aggiungerne!!
|
MARC
| LEADER | 00000 a2200000 04500 | ||
|---|---|---|---|
| 001 | 4647 | ||
| 003 | |||
| 008 | 991231s d | ||
| 040 | |a CRAI/IIS |c CRAI/IIS | ||
| 090 | |a 118202 | ||
| 100 | |a Bradford, Colin I | ||
| 245 | |a Redefining the state in Latin America / |c Colin I Bradford | ||
| 260 | |a París: |b OECD | ||
| 300 | |a 273 p | ||
| 520 | |a Se analiza sobre las instituciones democráticas y política económica, durante la crisis de 1980, los cuales se han visto obligados a utilizar políticas de ajuste estructural para intentar solucionar sus problemas. HB/hmbq | ||
| 650 | |a POLITICA ECONOMICA | ||
| 650 | |a DEMOCRACIA | ||
| 650 | |a AJUSTE ESTRUCTURAL | ||
| 650 | |a CRISIS | ||
| 999 | |c 15184 |d 15184 | ||
